Statistics for NFL Top 100 2023 Quiz

Click here to take the quiz!

General Stats

  • This quiz has been taken 40 times
  • The average score is 46 of 100

Answer Stats

HintAnswer% Correct
1Patrick Mahomes
96%
8Josh Allen
89%
37Jason Kelce
85%
6Joe Burrow
85%
52Johnathan Allen
85%
5Travis Kelce
85%
22A.J. Brown
81%
100Devonta Smith
81%
77Geno Smith
81%
97Harrison Smith
81%
2Justin Jefferson
81%
72Lamar Jackson
81%
24Roquan Smith
81%
84Za’Darius Smith
81%
67Amon-Ra St. Brown
78%
7Tyreek Hill
78%
3Jalen Hurts
74%
39Ja’marr Chase
70%
64Aaron Jones
67%
10Chris Jones
67%
40Quinnen Williams
67%
70Joey Bosa
63%
32Justin Herbert
63%
4Nick Bosa
63%
60Trevon Diggs
63%
13Davante Adams
59%
95Jamaal Williams
59%
9Micah Parsons
59%
29Nick Chubb
59%
16Stefon Diggs
59%
27T.J. Watt
59%
14Trent Williams
59%
96Trevor Lawrence
59%
51Aaron Rodgers
56%
35Christian McCaffrey
56%
99Demarcus Lawrence
56%
28Dexter Lawrence
56%
15Fred Warner
56%
66Jared Goff
56%
44Jaylen Waddle
56%
11Aaron Donald
52%
47Cooper Kupp
52%
74Garrett Wilson
52%
36Jalen Ramsey
52%
41Lane Johnson
52%
31Saquon Barkley
52%
82Tua Tagovailoa
52%
21Austin Ekeler
48%
34Ceedee Lamb
48%
12Josh Jacobs
48%
86Justin Fields
48%
56Dak Prescott
44%
61Deebo Samuel
44%
42Kirk Cousins
44%
18Minkah Fitzpatrick
44%
43Demario Davis
41%
25Derrick Henry
41%
80Mark Andrews
41%
20Myles Garrett
41%
94Terry Mclaurin
41%
91Dalvin Cook
37%
19George Kittle
37%
90Deandre Hopkins
33%
30Derwin James
33%
53Mike Evans
33%
68Zack Martin
33%
62Bobby Wagner
30%
45Cameron Heyward
30%
65Darius Slay
30%
79Dre Greenlaw
30%
38Khalil Mack
30%
55Tony Pollard
30%
75Trey Hendrickson
30%
88Aidan Hutchinson
26%
50Cameron Jordan
26%
48Haason Reddick
26%
26Jaire Alexander
26%
33Matthew Judon
26%
17Maxx Crosby
26%
49Patrick Surtain
26%
92Marlon Humphrey
22%
89Marshon Lattimore
22%
83Terron Armstead
22%
98Tristan Wirfs
22%
54Brian Burns
19%
73Budda Baker
19%
69Matt Milano
19%
71DeForest Buckner
15%
63Grady Jarrett
15%
58Jeffery Simmons
15%
57Jordan Poyer
15%
59Justin Simmons
15%
76Tariq Woolen
15%
87Chris Lindstrom
11%
81Christian Wilkins
11%
46C.J. Mosley
11%
85Laremy Tunsil
11%
78Talonoa Hufanga
11%
93Eric Kendricks
7%
23Sauce Gardener
7%

Score Distribution

Percentile by Number Answered

Percent of People with Each Score

Your Score History

You have not taken this quiz